Curso de cromatografía en fase gaseosa /
Guardado en:
| Autor Principal: | |
|---|---|
| Autor Corporativo: | |
| Formato: | Libro |
| Idioma: | Spanish |
| Publicado: |
Santa Fe :
Universidad Nacional del Litoral, Departamento de Química orgánica,
1971.
|
| Materias: | |
| Etiquetas: |
Agregar Etiqueta
Sin Etiquetas, Sea el primero en etiquetar este registro!
|
| LEADER | 01118nam a22002175a 4500 | ||
|---|---|---|---|
| 001 | EIQ.libpla000880 | ||
| 008 | 060612s1971####ag#ao####b####000#0#spa#d | ||
| 005 | 20070323150435.0 | ||
| 245 | 1 | 0 | |a Curso de cromatografía en fase gaseosa / |c Edilberto C. J. Talenti. |
| 260 | |a Santa Fe : |b Universidad Nacional del Litoral, Departamento de Química orgánica, |c 1971. | ||
| 300 | |a 2v : |b il., fotos ; |c 29 cm. | ||
| 500 | |a Datos tomados de la cubierta. | ||
| 504 | |a Incluye referencias bibliografía. | ||
| 505 | 0 | |a Introducción -- Teoría -- Sistema cromatográfico -- Cromatografía en fase gaseosa programada -- Columnas cromatográficas -- Detectores -- Análisis cualitativo y cuantitativo. | |
| 100 | 1 | |a Talenti, Edilberto C. J. | |
| 710 | 2 | |a Universidad Nacional del Litoral (Santa Fe, Argentina). |b Facultad de Ingeniería Química. |b Departamento de Química Orgánica. | |
| 650 | 4 | |a Cromatografía |x Curso. | |
| 650 | 4 | |a Cromatography |x Course. | |
| 040 | |a AR-BbSID |b spa |c AR-BbSID | ||
| 859 | |a AR-BbSID |b BIB. PLAPIQUI |h 544.92 |i T 14 |p 2491 |v Vol. 1 |3 Vol. 1 | ||
| 859 | |a AR-BbSID |b BIB. PLAPIQUI |h 544.92 |i T 14 |p 2492 |v Vol. 2 |3 Vol. 2 | ||
